00518cam a2200205 a 4500001000800000005001700008008004100025010001700066020001500083040002300098041000800121060002200129080001500151082001900166100000600185101000800191245003500199246002700234504005100261167311120180131032625.0981103s2000 paua b 001 0 eng c a 98050604  a0721677673 aDNLM/DLCcDLCdDLC aeng10aWS 100bN432 2000 a618.92 BEH00a618.92 BEH221 a8 aPED00aNelson textbook of pediatrics.30aTextbook of pediatrics aIncludes bibliographical references and index.